Normal view
MARC view
- اللغة العربية -- قواعد
Entry Topical Term
001 - CONTROL NUMBER
- control field: 26435
003 - CONTROL NUMBER IDENTIFIER
- control field: JO-AjAnu
005 - DATE AND TIME OF LATEST TRANSACTION
- control field: 20230606074514.0
008 - FIXED-LENGTH DATA ELEMENTS
- fixed length control field: 230606|| aca||aabn | a|a d
040 ## - CATALOGING SOURCE
- Original cataloging agency: JO-AjAnu
- Transcribing agency: JO-AjAnu
150 ## - HEADING--TOPICAL TERM
- Topical term or geographic name entry element: اللغة العربية -- قواعد
670 ## - SOURCE DATA FOUND
- Source citation: Work cat.: (JO-AjAnu)13583: تأليف حسن، عباس, author 26434, النحو الوافي ، مع ربطة بالأساليب الرفيعة والحياة اللغوية المتجددة